Guess the 1970s song lyrics #95 - Statistics

General Stats
  • This quiz has been taken 17 times
  • The average score is 155 of 272
Answer Stats
Answer % Correct
a
100%
and
92%
And
92%
I
92%
me
92%
the
92%
do
85%
He
85%
him
85%
in
85%
it
85%
love
85%
my
85%
My
85%
on
85%
to
85%
what
85%
his
77%
I'm
77%
is
77%
Oh
77%
that
77%
when
77%
with
77%
all
69%
are
69%
night
69%
or
69%
this
69%
This
69%
but
62%
But
62%
by
62%
gonna
62%
Gonna
62%
want
62%
will
62%
At
54%
at
54%
girl's
54%
going
54%
he's
54%
He's
54%
man
54%
put
54%
that's
54%
about
46%
ads
46%
been
46%
gone
46%
need
46%
new
46%
out
46%
says
46%
tell
46%
too
46%
Wanted
46%
find
38%
fool
38%
never
38%
nights
38%
thinks
38%
through
38%
boys
31%
lost
31%
news
31%
playing
31%
read
31%
really
31%
side
31%
somebody
31%
stays
31%
true
31%
free
23%
hears
23%
single
23%
Tells
23%
ya
23%
young
23%
accept
15%
bar
15%
collar
15%
drinking
15%
Experience
15%
field
15%
lipstick
15%
Lipstick
15%
lyin
15%
lying
15%
most
15%
rescue
15%
trainee
15%
alone
8%
aloud
8%
Although
8%
bitter
8%
cards
8%
cry
8%
cryin
8%
either
8%
evening
8%
Extra
8%
extra
8%
home
8%
misery
8%
myself
8%
nobody
8%
perfume
8%
preferred
8%
spend
8%
tears
8%
thrill
8%
No matching quizzes found
Score Distribution
Percent of People with Each Score
Percentile by Number Answered
Your Score History
You have not taken this quiz